书目信息 |
| 题名: |
七侠五义
|
|
| 作者: | 石玉坤 著 | |
| 分册: | ||
| 出版信息: | 呼和浩特 内蒙古人民出版社 2003.03 |
|
| 页数: | 510页 | |
| 开本: | 22cm | |
| 丛书名: | ||
| 单 册: | ||
| 中图分类: | I242.4 | |
| 科图分类: | ||
| 主题词: | 小说--中国 | |
| 电子资源: | ||
| ISBN: | 7-80648-219-9 | |
| 000 | 00553nam0 2200193 450 | |
| 001 | 1648111298 | |
| 005 | 20160503132256.92 | |
| 010 | @a7-80648-219-9@dCNY21.80 | |
| 100 | @a20160503d2003 km y0chiy0120 ea | |
| 101 | 0 | @achi |
| 102 | @aCN@b150000 | |
| 200 | 1 | @a七侠五义@Aqi xia wu yi@f石玉坤著@Fshi yu kun zhu |
| 210 | @a呼和浩特@c内蒙古人民出版社@d2003.03 | |
| 215 | @a510页@d22cm | |
| 606 | 0 | @a小说@x中国 |
| 690 | @aI242.4@v4 | |
| 701 | 0 | @a石玉坤@Ashi yu kun@4著 |
| 801 | 0 | @aCN@b大连网信软件有限公司图书馆·11@c20160503 |
| 905 | @aZUCC@dI242.4@eS5472 | |
| 七侠五义/石玉坤著.-呼和浩特:内蒙古人民出版社,2003.03 |
| 510页;22cm |
| ISBN 7-80648-219-9:CNY21.80 |
| ● |
| 相关链接 |
|
|
|
正题名:七侠五义
索取号:I242.4/S5472
 
预约/预借
| 序号 | 登录号 | 条形码 | 馆藏地/架位号 | 状态 | 备注 |
| 1 | 1237944 | 212379442 | 管理学院资料室/ [索取号:I242.4/S5472] | 在馆 |